Como elegir los juguetes.

Guardado en:
Detalles Bibliográficos
Autor principal: Hegeler, Sten (autor)
Formato: Libro
Idioma:Español
Colección:(Biblioteca del Educador Contemporaneo ; no. 22)
Temas:
Etiquetas: Agrega una etiqueta
Sin etiquetas, Sé el primero en etiquetar este registro!

MARC

LEADER 00000cam^a2200000uu^4500
001 000490941
005 20250521000000.0
008 050901s1965^^^^^^^^^^^^rd^r^^000^0^spa^d
009 20260310125406.74
035 |a FCE 000034160 
035 |a FCE 003105 
037 |a Acervo ITESO - Biblioteca 
041 |a spa 
082 0 4 |a 082.1  |b BEC 22 
100 |a Hegeler, Sten  |e (autor) 
245 1 0 |a Como elegir los juguetes. 
264 |a Buenos Aires :  |b Paidós,  |c 1965. 
300 |a 81 p. 
336 |a texto  |b txt  |2 rdacontenido 
337 |a sin mediación  |b n  |2 rdamedio 
338 |a volumen  |b nc  |2 rdasoporte 
440 0 |a (Biblioteca del Educador Contemporaneo ;  |v no. 22) 
649 |a XX 
650 |a Juguete 
910 |a Fondo Centro de Estudios Educativos 
920 |a Impresos - Libros 
930 |a Fondos Especiales 
905 |a 133 
901 |a ALE003105  |b IT2  |c CEE  |u 20250521 
902 |a https://opac.biblio.iteso.mx/vufind/Record/000490941